[Event "Quebec Millenium"]
[Site "Quebec"]
[Date "2018.10.31"]
[Round "4"]
[White "Laprade, Jean Jr"]
[Black "Beauchesne, Jonathan"]
[Result "1/2-1/2"]
[WhiteElo "1651"]
[BlackElo "1783"]
[PlyCount "89"]
[EventDate "2018.10.10"]
[EventType "swiss"]
[EventRounds "5"]
[EventCountry "CAN"]
[SourceTitle "EXT 2022"]
[Source "ChessBase"]
[SourceDate "2021.10.06"]
[SourceVersion "1"]
[SourceVersionDate "2021.10.06"]
[SourceQuality "1"]

1. e4 Nc6 2. d4 d5 3. e5 Bf5 4. c3 f6 5. exf6 Nxf6 6. Nf3 h6 7. Bb5 Bd7 8. 0-0 e6 9. Bf4 Bd6 10. Bxd6 cxd6 11. Bd3 0-0 12. Re1 Qc7 13. Bc2 e5 14. h3 e4 15. Nh2 Rae8 16. Nd2 Ne7 17. Ndf1 Ng6 18. Ne3 Nf4 19. h4 N6h5 20. Bb3 Nf6 21. Rc1 Qd8 22. Rc2 b5 23. g3 Nd3 24. Ree2 Be6 25. Qb1 Qd7 26. Rcd2 b4 27. cxb4 Nxb4 28. a3 Na6 29. Qa2 Qf7 30. Rc2 Rc8 31. Qb1 Nb8 32. Qc1 Qd7 33. Rxc8 Rxc8 34. Rc2 Rxc2 35. Qxc2 Qc6 36. Qxc6 Nxc6 37. Nc2 Na5 38. Ba2 Nd7 39. Kf1 Kf8 40. Ke1 Nb6 41. b3 Bh3 42. Nf1 Bxf1 43. Kxf1 Nc6 44. Ke2 Ke7 45. Ke3 1/2-1/2

[Event "Quebec Capablanca"]
[Site "Quebec"]
[Date "2018.01.09"]
[Round "4"]
[White "Beauchesne, Jonathan"]
[Black "Fecteau, Martin"]
[Result "1/2-1/2"]
[WhiteElo "1810"]
[BlackElo "1984"]
[PlyCount "28"]
[EventDate "2017.12.04"]
[EventType "swiss"]
[EventRounds "5"]
[EventCountry "CAN"]
[SourceTitle "EXT 2022"]
[Source "ChessBase"]
[SourceDate "2021.10.06"]
[SourceVersion "1"]
[SourceVersionDate "2021.10.06"]
[SourceQuality "1"]

1. e4 c5 2. c3 d5 3. exd5 Qxd5 4. d4 cxd4 5. cxd4 Nc6 6. Nf3 e6 7. Nc3 Qd8 8. d5 exd5 9. Qxd5 Be7 10. Bc4 Be6 11. Qxd8+ Nxd8 12. Bxe6 Nxe6 13. 0-0 Nf6 14. Be3 0-0 1/2-1/2

[Event "Quebec Capablanca"]
[Site "Quebec"]
[Date "2018.01.09"]
[Round "4"]
[White "Fecteau, Martin"]
[Black "Beauchesne, Jonathan"]
[Result "1/2-1/2"]
[WhiteElo "1984"]
[BlackElo "1810"]
[PlyCount "29"]
[EventDate "2017.12.04"]
[EventType "swiss"]
[EventRounds "5"]
[EventCountry "CAN"]
[SourceTitle "EXT 2022"]
[Source "ChessBase"]
[SourceDate "2021.10.06"]
[SourceVersion "1"]
[SourceVersionDate "2021.10.06"]
[SourceQuality "1"]

1. e4 c5 2. c3 d5 3. exd5 Qxd5 4. d4 cxd4 5. cxd4 Nc6 6. Nf3 e6 7. Nc3 Qd8 8. d5 exd5 9. Qxd5 Be7 10. Bc4 Be6 11. Qxd8+ Nxd8 12. Bxe6 Nxe6 13. 0-0 Nf6 14. Be3 0-0 15. Rfd1 1/2-1/2

[Event "Quebec Millenium"]
[Site "Quebec"]
[Date "2017.11.13"]
[Round "3"]
[White "Picard, Christian"]
[Black "Beauchesne, Jonathan"]
[Result "1-0"]
[WhiteElo "1668"]
[BlackElo "1810"]
[PlyCount "65"]
[EventDate "2017.10.30"]
[EventType "swiss"]
[EventRounds "5"]
[EventCountry "CAN"]
[SourceTitle "EXT 2022"]
[Source "ChessBase"]
[SourceDate "2021.10.06"]
[SourceVersion "1"]
[SourceVersionDate "2021.10.06"]
[SourceQuality "1"]

1. e4 c5 2. c3 d6 3. d4 cxd4 4. cxd4 Nf6 5. Nc3 g6 6. Be3 Bg7 7. Be2 0-0 8. Qd2 Nc6 9. d5 Ne5 10. Bh6 Bxh6 11. Qxh6 Qb6 12. Qd2 Nfg4 13. Nh3 f5 14. 0-0 fxe4 15. Nxe4 Bf5 16. Ng3 Bd7 17. Ne4 Rac8 18. Nf4 Nc4 19. Bxc4 Rxc4 20. Rae1 Rd4 21. Nd3 Ne5 22. Qh6 Ng4 23. Qh4 Nf6 24. Nxf6+ Rxf6 25. Qg3 Bb5 26. Rxe7 Rxd3 27. Qh4 Rf7 28. Rxf7 Kxf7 29. Qxh7+ Kf6 30. Re1 Kg5 31. h4+ Kf5 32. Qf7+ Kg4 33. Qxg6+ 1-0

[Event "Quebec op U2000"]
[Site "Ste Foy"]
[Date "2017.08.12"]
[Round "1.23"]
[White "Beauchesne, Jonathan"]
[Black "Desbiens, Raphael"]
[Result "1/2-1/2"]
[WhiteElo "1778"]
[BlackElo "1954"]
[PlyCount "74"]
[EventDate "2017.08.12"]
[EventType "swiss"]
[EventRounds "9"]
[EventCountry "CAN"]
[SourceTitle "EXT 2022"]
[Source "ChessBase"]
[SourceDate "2021.10.06"]
[SourceVersion "1"]
[SourceVersionDate "2021.10.06"]
[SourceQuality "1"]

1. e4 e5 2. Nf3 Nc6 3. Bb5 a6 4. Ba4 Nf6 5. 0-0 Be7 6. Re1 b5 7. Bb3 d6 8. c3 0-0 9. d4 Bg4 10. Qd3 Bxf3 11. gxf3 Na5 12. Kh1 Nxb3 13. axb3 Nh5 14. Rg1 Bh4 15. Rg2 Qf6 16. d5 h6 17. Qe2 Bg5 18. Be3 Nf4 19. Bxf4 Bxf4 20. Na3 Qh4 21. Nc2 f5 22. Nb4 Rf6 23. Nd3 fxe4 24. fxe4 h5 25. c4 bxc4 26. bxc4 Qh3 27. b4 h4 28. Qg4 Qxg4 29. Rxg4 Bd2 30. Ra2 Bc3 31. Rc2 Bd4 32. Kg2 Raf8 33. Rxh4 Rf3 34. Rd2 Bc3 35. Rd1 Bd4 36. Rd2 Bc3 37. Rd1 Bd4 1/2-1/2

[Event "Quebec Khalif"]
[Site "Quebec"]
[Date "2017.04.17"]
[Round "5"]
[White "Beauchesne, Jonathan"]
[Black "Laflamme, Simon"]
[Result "1/2-1/2"]
[WhiteElo "1840"]
[BlackElo "1823"]
[PlyCount "54"]
[EventDate "2017.03.20"]
[EventType "swiss"]
[EventRounds "5"]
[EventCountry "CAN"]
[SourceTitle "EXT 2022"]
[Source "ChessBase"]
[SourceDate "2021.10.06"]
[SourceVersion "1"]
[SourceVersionDate "2021.10.06"]
[SourceQuality "1"]

1. e4 e6 2. d3 d5 3. Nd2 Nf6 4. Ngf3 c5 5. g3 Nc6 6. Bg2 Be7 7. 0-0 Qc7 8. c4 dxe4 9. Nxe4 Nxe4 10. dxe4 0-0 11. Qe2 e5 12. h3 Be6 13. Be3 Nd4 14. Qd1 Nxf3+ 15. Qxf3 Bxc4 16. Rfc1 Be6 17. Bxc5 Bxc5 18. b4 Bxf2+ 19. Qxf2 Qe7 20. a3 b6 21. Rc3 Rfc8 22. Rac1 Rxc3 23. Rxc3 Rc8 24. Qc2 Qd7 25. Kh2 f6 26. Bf1 Rxc3 27. Qxc3 Qc8 1/2-1/2

[Event "Quebec Botvinnick"]
[Site "Quebec"]
[Date "2017.03.13"]
[Round "5"]
[White "Lessard, Claude"]
[Black "Beauchesne, Jonathan"]
[Result "1-0"]
[WhiteElo "2132"]
[BlackElo "1840"]
[PlyCount "63"]
[EventDate "2017.02.13"]
[EventType "swiss"]
[EventRounds "5"]
[EventCountry "CAN"]
[SourceTitle "EXT 2022"]
[Source "ChessBase"]
[SourceDate "2021.10.06"]
[SourceVersion "1"]
[SourceVersionDate "2021.10.06"]
[SourceQuality "1"]

1. d4 Nf6 2. c4 g6 3. Nc3 Bg7 4. e4 d6 5. f3 0-0 6. Be3 e5 7. d5 c5 8. Qd2 a6 9. Bd3 Bd7 10. a4 Nh5 11. Nge2 f5 12. Bg5 Qe8 13. a5 f4 14. Rb1 h6 15. Bh4 g5 16. Bf2 Bc8 17. b4 Nd7 18. bxc5 Nxc5 19. Bxc5 dxc5 20. Nc1 Rf6 21. Nb3 Bf8 22. Qf2 b6 23. axb6 Rxb6 24. Nxc5 Rxb1+ 25. Bxb1 g4 26. fxg4 Bxg4 27. Nd3 Rb8 28. 0-0 Qe7 29. c5 f3 30. d6 Qg5 31. Kh1 Rb3 32. Ba2 1-0

[Event "Quebec Keres"]
[Site "Quebec"]
[Date "2016.05.23"]
[Round "4"]
[White "Beauchesne, Jonathan"]
[Black "Potvin, Alain Nicolas"]
[Result "1-0"]
[WhiteElo "1565"]
[BlackElo "1833"]
[PlyCount "45"]
[EventDate "2016.05.02"]
[EventType "swiss"]
[EventRounds "5"]
[EventCountry "CAN"]
[SourceTitle "EXT 2022"]
[Source "ChessBase"]
[SourceDate "2021.10.06"]
[SourceVersion "1"]
[SourceVersionDate "2021.10.06"]
[SourceQuality "1"]

1. e4 d6 2. d4 Nf6 3. Nc3 g6 4. Nf3 Bg7 5. Be2 0-0 6. 0-0 Bg4 7. h3 Bxf3 8. Bxf3 Nbd7 9. g3 c5 10. Be3 Qc8 11. Bg2 Rb8 12. f4 b5 13. e5 Ne8 14. Nd5 Qa6 15. Nxe7+ Kh8 16. dxc5 Nxc5 17. Bxc5 dxc5 18. Qd7 c4 19. a4 Qb6+ 20. Kh2 b4 21. a5 Qc5 22. Nc6 Rc8 23. Qxc8 1-0

[Event "Quebec Khalif"]
[Site "Quebec"]
[Date "2016.04.16"]
[Round "4"]
[White "Beauchesne, Jonathan"]
[Black "Lacerte, Kevin"]
[Result "0-1"]
[WhiteElo "1569"]
[BlackElo "1502"]
[PlyCount "64"]
[EventDate "2016.03.21"]
[EventType "tourn"]
[EventRounds "5"]
[EventCountry "CAN"]
[SourceTitle "EXT 2022"]
[Source "ChessBase"]
[SourceDate "2021.10.06"]
[SourceVersion "1"]
[SourceVersionDate "2021.10.06"]
[SourceQuality "1"]

1. e4 c5 2. Nf3 d6 3. d3 g6 4. g3 Bg7 5. Bg2 Nf6 6. 0-0 0-0 7. Nbd2 Nc6 8. c3 Bg4 9. h3 Bd7 10. Nh2 Ne5 11. Ndf3 Nxf3+ 12. Nxf3 Qc7 13. Qe2 e6 14. Bf4 Qb6 15. Rfe1 Nh5 16. Be3 e5 17. Qc2 f5 18. exf5 gxf5 19. Kh2 f4 20. Bc1 Bc6 21. g4 Nf6 22. Rb1 Rae8 23. b4 cxb4 24. Rxb4 Qd8 25. Ng5 Nxg4+ 26. hxg4 Qxg5 27. Bxc6 Qh4+ 28. Kg1 bxc6 29. Qe2 f3 30. Qf1 d5 31. g5 e4 32. Bd2 Be5 0-1

[Event "Quebec Khalif"]
[Site "Quebec"]
[Date "2016.03.29"]
[Round "2"]
[White "Dube, Daniel"]
[Black "Beauchesne, Jonathan"]
[Result "1-0"]
[WhiteElo "1880"]
[BlackElo "1569"]
[PlyCount "129"]
[EventDate "2016.03.21"]
[EventType "tourn"]
[EventRounds "5"]
[EventCountry "CAN"]
[SourceTitle "EXT 2022"]
[Source "ChessBase"]
[SourceDate "2021.10.06"]
[SourceVersion "1"]
[SourceVersionDate "2021.10.06"]
[SourceQuality "1"]

1. d4 Nf6 2. Bg5 d6 3. Nc3 Nbd7 4. e4 e5 5. Nf3 Be7 6. Be2 0-0 7. 0-0 c6 8. a4 h6 9. Bc1 Qc7 10. h3 Rd8 11. Be3 Nf8 12. Qc1 Ng6 13. Rd1 Be6 14. d5 Bd7 15. Nh2 Kh7 16. Ng4 Nxg4 17. hxg4 f6 18. g3 Qc8 19. f3 Nh8 20. Kg2 Nf7 21. Rh1 Rg8 22. Qd2 Bf8 23. g5 fxg5 24. Bxg5 Nxg5 25. Qxg5 Qd8 26. Qxd8 Rxd8 27. f4 exf4 28. gxf4 Be7 29. Bd3 Kh8 30. Bc4 Rgf8 31. Raf1 Bf6 32. a5 Rde8 33. Re1 Bxc3 34. bxc3 Rxf4 35. Rhf1 Rxf1 36. Rxf1 cxd5 37. Bxd5 Bc6 38. Bxc6 bxc6 39. Rf7 Rxe4 40. Rxa7 Re2+ 41. Kf3 Rxc2 42. a6 Rxc3+ 43. Ke4 Rc5 44. Rd7 Ra5 45. a7 Kh7 46. Kf4 d5 47. Ke5 h5 48. Kd6 Ra6 49. Rb7 h4 50. Kc7 c5 51. Kb8 Rf6 52. Rc7 Rb6+ 53. Rb7 Rf6 54. Rc7 Rb6+ 55. Rb7 Rf6 56. Rb5 Rf8+ 57. Kb7 Rf7+ 58. Ka6 Rf6+ 59. Rb6 Rf3 60. Rb5 Rf6+ 61. Ka5 Rf2 62. Kb6 Ra2 63. Ra5 Rb2+ 64. Kc6 Rb8 65. axb8Q 1-0

[Event "Quebec Zukertort"]
[Site "Quebec"]
[Date "2016.03.07"]
[Round "4"]
[White "Stoyanova, Stela"]
[Black "Beauchesne, Jonathan"]
[Result "1/2-1/2"]
[WhiteElo "1503"]
[BlackElo "1639"]
[PlyCount "99"]
[EventDate "2016.02.15"]
[EventType "swiss"]
[EventRounds "5"]
[EventCountry "CAN"]
[SourceTitle "EXT 2022"]
[Source "ChessBase"]
[SourceDate "2021.10.06"]
[SourceVersion "1"]
[SourceVersionDate "2021.10.06"]
[SourceQuality "1"]

1. Nf3 c5 2. c4 Nc6 3. d4 cxd4 4. Nxd4 Nf6 5. Nxc6 bxc6 6. Nc3 g6 7. g3 Bg7 8. e4 d6 9. Bg2 Bd7 10. 0-0 0-0 11. h3 Qc8 12. Kh2 Rb8 13. Rb1 h5 14. Be3 Qc7 15. f4 c5 16. a4 a6 17. f5 Kh7 18. Qd2 Rb4 19. b3 Rfb8 20. Qc2 Qb6 21. e5 dxe5 22. Nd5 Nxd5 23. fxg6+ fxg6 24. cxd5 Bf5 25. Qxc5 Qxc5 26. Bxc5 Bxb1 27. Bxb4 Bd3 28. Rd1 Be2 29. Rd2 Rxb4 30. Rxe2 Rxb3 31. Bf1 Rb4 32. Ra2 a5 33. Bb5 e4 34. Kg2 Bb2 35. Kf2 Kg7 36. Ke2 Kf6 37. Kd2 Be5 38. g4 hxg4 39. hxg4 Rb2+ 40. Rxb2 Bxb2 41. Ke3 Ke5 42. Bc6 Bc1+ 43. Ke2 Kd6 44. Kf2 Bf4 45. Ke2 g5 46. Bb7 Kc5 47. d6 exd6 48. Bxe4 Kb4 49. Bc2 Kc3 50. Be4 1/2-1/2

[Event "Quebec Botvinnik"]
[Site "Quebec"]
[Date "2016.02.08"]
[Round "5"]
[White "Beauchesne, Jonathan"]
[Black "Bergeron, Marc"]
[Result "0-1"]
[WhiteElo "1651"]
[BlackElo "1940"]
[PlyCount "52"]
[EventDate "2016.01.11"]
[EventType "swiss"]
[EventRounds "5"]
[EventCountry "CAN"]
[SourceTitle "EXT 2022"]
[Source "ChessBase"]
[SourceDate "2021.10.06"]
[SourceVersion "1"]
[SourceVersionDate "2021.10.06"]
[SourceQuality "1"]

1. e4 Nc6 2. Nf3 d6 3. d4 Nf6 4. Nc3 Bg4 5. Be2 e6 6. Be3 d5 7. exd5 Nxd5 8. Nxd5 Qxd5 9. 0-0 Be7 10. c3 0-0 11. Nd2 Bxe2 12. Qxe2 f5 13. f4 Rf6 14. Rf3 Rg6 15. Bf2 Rd8 16. Nc4 b5 17. Ne5 Nxe5 18. fxe5 c5 19. a4 b4 20. a5 bxc3 21. bxc3 Rg4 22. Kf1 Re4 23. Qa6 cxd4 24. Bxd4 Rd7 25. Bxa7 Rxa7 26. Qc8+ Bf8 0-1

[Event "Montcalm II 2015-16"]
[Site "Quebec"]
[Date "2015.10.29"]
[Round "3"]
[White "Beauchesne, Jonathan"]
[Black "Cummins, Paul"]
[Result "0-1"]
[WhiteElo "1709"]
[BlackElo "1783"]
[PlyCount "50"]
[EventDate "2015.10.15"]
[EventType "swiss"]
[EventRounds "5"]
[EventCountry "CAN"]
[SourceTitle "EXT 2019"]
[Source "ChessBase"]
[SourceDate "2018.10.10"]
[SourceVersion "1"]
[SourceVersionDate "2018.10.10"]
[SourceQuality "1"]

1. e4 d5 2. exd5 Qxd5 3. Nc3 Qd6 4. d4 c6 5. Nf3 Bg4 6. Be2 Nf6 7. 0-0 e6 8. Re1 Be7 9. Ne5 Bxe2 10. Rxe2 0-0 11. Ne4 Qd8 12. Nxf6+ Bxf6 13. Bf4 Na6 14. c3 Nc7 15. Ng4 Be7 16. Bxc7 Qxc7 17. Re3 c5 18. Rh3 cxd4 19. Qxd4 Rfd8 20. Qe4 g6 21. Qe3 Qd7 22. Re1 Qd2 23. Qe5 h5 24. f4 Rd5 25. Qe4 hxg4 0-1